000 01026cam a22003377a 4500
003 CHAP
005 20220817041142.0
008 971013s1992 it r 00010 eng d
010 _a7519
011 _a8491
035 _a7720
040 _cCHAP
082 _a639.2
_bF3y v.328
110 _aFAO
245 1 0 _aGuidelines for the promotion of environmental management of coastal aquaculture development
260 _aRome :
_bFAO,
_c1992
300 _a122 p.
_b: ilus.
410 _aFAO
490 0 _aDocumento técnico de pesca
_v; 328
590 _aBATCH-UPD
_b10
_c20130110
_lUCH01
_h1905
590 _aBATCH-UPD
_b10
_c20130410
_lUCH01
_h1233
590 _aBATCH-UPD
_b10
_c20130914
_lUCH01
_h1213
590 _aCONVERSION
_b10
_c20130109
_lUCH01
_h1305
650 1 4 _aAcuicultura.
_9758
700 0 _aBarg, U. C.
_910177
810 0 _aFAO
830 0 0 _aDocumento técnico de pesca
_v; 328
_933242
901 _aBK
942 _cLIBRO
949 _a639.2 F3y v.328
_bBC
_cFAO
_d33724002234876
_eFAO1
_gDonaciØn
_h82960
_i7720
_si
999 _c7519
_d7519